000 01821cam a2200433 4500
001 J3138
008 090401t1995 xxu||||| |||| 00| 0 eng d
035 _a(Sirsi) u53310
041 _aeng
050 _a333.332
110 _aHenry Stewart Conference Studies
_92099
245 4 _aThe 1995 Market Briefing: What is my/that pub worth? ... 31 May 1995, Cafe Royal, London W1.
260 _aLondon
_bHenry Stewart Conference Studies
_c1995
300 _a118 leaves ; 30cm.
350 _a0
520 _aPapers:- 1997 EU report./ TICKLE, G.- Capital valuation in accordance with the Valuation Guidance Notes (The White Book)./ GILLHAM, B. - Pub rents./ WRIGHTSON, D. - Funding sources and methods: what`s available, from whom and on what terms./ HEARD, C. - The rating revaluation and its consequences for values./ TATTERSALL, C. - The market now and tomorrow./ GARROOD, I. - Valuing the multi-pub owning business: an asset-based or PE-based valuation./ NAYLER, M. - Rent review: recent developments in the law./ MOLYNEUX, A. - How changes to the licensing laws will impact on trade and values: how to reap all the benefits./ GROVER, G.
650 _aBEER TIES
650 _aCAPITAL VALUATION
650 _aCONFERENCES
650 _aEUROPEAN COMMUNITY
650 _aFINANCE
650 _aHENRY STEWART MARKET BRIEFING
650 _aLEASES
650 _aLICENSED PREMISES
650 _aLICENSING LAW
650 _aMULTI-PUB OWNING BUSINESSES
650 _aPROPERTY INVESTMENT
650 _aPROPERTY MARKET
650 _aPUBLIC HOUSES
650 _aRATING REVALUATION
650 _aRENT REVIEWS
650 _aRENT
650 _aValuation
_96273
650 _aWHAT IS MY/THAT PUB WORTH?
650 _aWHITE BOOK
690 _aRATING AND VALUATION
942 _n0
948 _c04/03/1997
999 _c93250
_d93250